[Event "Camaguey Confraternidad-B"]
[Site "Camaguey"]
[Date "2017.12.01"]
[Round "8.1"]
[White "Guerra, Pablo"]
[Black "Martin Gonzalez, Orlando Jose"]
[Result "1/2-1/2"]
[WhiteElo "2308"]
[BlackElo "2330"]
[PlyCount "26"]
[EventDate "2017.11.28"]
[EventType "tourn"]
[EventRounds "10"]
[EventCountry "CUB"]
[EventCategory "2"]
[SourceTitle "EXT 2023"]
[Source "ChessBase"]
[SourceDate "2022.10.05"]
[SourceVersion "1"]
[SourceVersionDate "2022.10.05"]
[SourceQuality "1"]

1. Nf3 Nf6 2. g3 g6 3. Bg2 Bg7 4. c4 c5 5. Nc3 Nc6 6. d3 d6 7. 0-0 0-0 8. Bg5 h6 9. Bxf6 Bxf6 10. Qd2 Bg7 11. Rab1 Kh7 12. a3 Rb8 13. b4 a6 1/2-1/2

[Event "Camaguey Confraternidad-B"]
[Site "Camaguey"]
[Date "2017.11.28"]
[Round "1.2"]
[White "Martin Gonzalez, Orlando Jose"]
[Black "Saiz Rodriguez, Daniel Evelio"]
[Result "1/2-1/2"]
[WhiteElo "2330"]
[BlackElo "2253"]
[PlyCount "25"]
[EventDate "2017.11.28"]
[EventType "tourn"]
[EventRounds "10"]
[EventCountry "CUB"]
[EventCategory "2"]
[SourceTitle "EXT 2023"]
[Source "ChessBase"]
[SourceDate "2022.10.05"]
[SourceVersion "1"]
[SourceVersionDate "2022.10.05"]
[SourceQuality "1"]

1. d4 Nf6 2. c4 g6 3. Nc3 d6 4. e4 Bg7 5. Nf3 0-0 6. Be2 e5 7. 0-0 Nc6 8. d5 Ne7 9. Ne1 Nd7 10. Be3 f5 11. f3 f4 12. Bf2 g5 13. b4 1/2-1/2

[Event "Capablanca Memorial op 52nd"]
[Site "Matanzas"]
[Date "2017.05.27"]
[Round "1"]
[White "Martin Gonzalez, Orlando Jose"]
[Black "Espinosa Veloz, Ermes"]
[Result "1/2-1/2"]
[WhiteElo "2363"]
[BlackElo "2515"]
[PlyCount "39"]
[EventDate "2017.05.27"]
[EventType "swiss"]
[EventRounds "10"]
[EventCountry "CUB"]
[SourceTitle "EXT 2018"]
[Source "ChessBase"]
[SourceDate "2017.10.13"]
[SourceVersion "1"]
[SourceVersionDate "2017.10.13"]
[SourceQuality "1"]

1. d4 Nf6 2. c4 g6 3. Nc3 d5 4. Bf4 Bg7 5. Rc1 0-0 6. e3 Be6 7. c5 Nh5 8. Bg5 b6 9. b4 h6 10. Bh4 a5 11. a3 axb4 12. axb4 Nc6 13. b5 Nb4 14. cxb6 cxb6 15. Be2 g5 16. Bxh5 gxh4 17. Nge2 Na2 18. Nxa2 Rxa2 19. Nf4 Qd6 20. 0-0 1/2-1/2